Movies Quiz

Random Movies or Clickable Quiz

Documentaries by Subject Quiz Stats

 Plays Quiz Updated Feb 27, 2020

Support Sporcle.
Go Orange.
Score 0/35 Timer 10:00
1 Play Today
% Correct
Super Size Me
89.9%
Hoop Dreams
85%
Hearts of Darkness: A Filmmaker's Apocalypse
82.3%
Man on Wire
81.4%
Inside Deep Throat
77.3%
This Film Is Not Yet Rated
76.1%
Startup.com
73.5%
Spellbound
70.3%
Salesman
64%
Lost in La Mancha
63.5%
F for Fake
62%
The Fog of War
61.4%
When We Were Kings
53.9%
One Day in September
53.1%
Mondovino
52.9%
The Aristocrats
50.3%
Gates of Heaven
50.3%
Capturing the Friedmans
50.2%
% Correct
The 'Up' Series
49.4%
Exit Through the Gift Shop
48.3%
Paradise Lost: The Child Murders at Robin Hood Hills
45.5%
Wild Man Blues
42.5%
Harlan County, USA
41.9%
Inside Job
41.4%
Standard Operating Procedure
41%
Darwin's Nightmare
39.2%
Shoah
38.2%
Crumb
37.3%
Dont Look Back
32.3%
Grizzly Man
28.5%
The Thin Blue Line
26.3%
The Sorrow and the Pity
25.5%
Tabloid
24.5%
Fast, Cheap and Out of Control
16.1%
Titicut Follies
14%

From the Vault

Chutes and Ladders II

by apeminkie

Gravity does all the work.
Remove Ads.
Support Sporcle.
Get the best of Sporcle when you Go Orange. This ad-free experience offers more features, more stats, and more fun while also helping to support Sporcle. Thank you for becoming a member.

Show Comments

Extras

Top Quizzes Today


Score Distribution

Your Account Isn't Verified!

In order to create a playlist on Sporcle, you need to verify the email address you used during registration. Go to your Sporcle Settings to finish the process.

Report this User

Report this user for behavior that violates our Community Guidelines.

Details: